| 000 | 00550nam a2200205 4500 | ||
|---|---|---|---|
| 003 | URS | ||
| 005 | 20220114162422.0 | ||
| 008 | 020101b xxu||||| |||| 00| 0 eng d | ||
| 020 | _a9712330761 | ||
| 040 | _cddl | ||
| 041 | _afil | ||
| 042 | _aDMLUC | ||
| 050 | 0 | 0 |
_aPL 6141 _bP377 2006 |
| 245 | 0 | 0 |
_aPanitikang Pilipino / _cArthur P. Casanova ... [et al.]. |
| 260 |
_aManila : _bRex Bookstore, _c2006. |
||
| 300 | _axi, 350 pages. | ||
| 650 | 0 |
_aPhilippine literature _xHistory and criticism. |
|
| 700 | 1 | _aCasanova, Arthur P. | |
| 942 |
_2ddc _cF |
||
| 999 |
_c12342 _d12342 |
||